000
00329nam a22001457a 4500
003
OSt
008
240120b |||||||| |||| 00| 0 eng d
020
_a
9781591842712
100
_a
DENNIS,Felix
245
_a
How to Get Rich
250
_a
1st Ed
260
_a
New Delhi
_b
Penguin Books
_c
2006
300
_a
292
942
_2
ddc
_c
BK
999
_c
12177
_d
12177